00624nam a2200181 a 450000100100000000500170001000800410002702000150006804000200008308200150010310000280011824501050014625000110025126000470026230000280030950000730033750400320041000004301320201002040554.0140217s1981 enka 000 0 spa d a0801409381 aDO-SdBNPcBNPHU axxxxbxxxx1 aRussell, Jeffrey Burton10aThe devil :bperceptions of evil from antiquity to primitive christianity /cJeffrey Burton Russell. a2a ed. aLondon :bCornell University Press,c1981. a276 p. :bil. ;c23 cm. aIncluye referencias bibliográficas y notas al pie de las páginas aBibliografía : p. 261-270